| 000 | 00447nam a2200169Ia 4500 | ||
|---|---|---|---|
| 001 | 10826 | ||
| 005 | 20260306161901.0 | ||
| 008 | 260306t9999||||xx |||||||||||||| ||spa|| | ||
| 041 | _aESP | ||
| 082 |
_a973.32 _bE92 |
||
| 100 |
_aGobierno de los Estados Unidos _eAUT |
||
| 245 | 0 |
_aEstampas de una democracia: _bLos Estados Unidos de América |
|
| 300 |
_a180 páginas : _c34 cm. |
||
| 650 | _aGEN | ||
| 654 | _aCHU | ||
| 942 |
_cLIB _dJUS _fJUS _2ddc _n |
||
| 999 |
_c10826 _d10826 |
||